[Event "Lovfalds 10th D"]
[Site "Ringsted"]
[Date "1996.09.21"]
[Round "2"]
[White "Facchini, Nullo"]
[Black "Petersen, Torben William"]
[Result "0-1"]
[WhiteElo "1322"]
[BlackElo "1327"]
[PlyCount "134"]
[EventDate "1996.09.20"]
[EventType "tourn"]
[EventRounds "5"]
[EventCountry "DEN"]
[SourceTitle "EXT 2023"]
[Source "ChessBase"]
[SourceDate "2022.10.05"]
[SourceVersion "1"]
[SourceVersionDate "2022.10.05"]
[SourceQuality "1"]

1. c4 Nf6 2. d4 e6 3. Nc3 d5 4. cxd5 exd5 5. Bg5 Nbd7 6. Nf3 c6 7. e3 Be7 8. Bd3 0-0 9. Qc2 h6 10. Bf4 Re8 11. h3 Nf8 12. g4 Ne6 13. Be5 Bd6 14. 0-0-0 a5 15. Rdg1 Be7 16. h4 Nd7 17. g5 h5 18. Bf6 Nxf6 19. gxf6 Bxf6 20. Ng5 Bxg5 21. hxg5 g6 22. Bxg6 fxg6 23. Qxg6+ Ng7 24. Rxh5 Bf5 25. Qh6 Nxh5 26. Qxh5 Kf8 27. g6 Be6 28. Qh8+ Bg8 29. g7+ Ke7 30. Qh4+ Kd7 31. Qh6 Re6 32. Qh3 Kc7 33. Na4 b6 34. Nc3 b5 35. Kd2 Qf6 36. f4 Re7 37. f5 Rxg7 38. Rc1 Kb6 39. Qf3 Be6 40. Qe2 Bd7 41. Qxb5+ cxb5 42. Nxd5+ Kb7 43. Nxf6 Rg2+ 44. Ke1 Bxf5 45. e4 Rg1+ 46. Kd2 Rxc1 47. Kxc1 Rf8 48. e5 Kc6 49. d5+ Kc7 50. d6+ Kd8 51. Kd2 Be6 52. a3 Rh8 53. Kc3 Rh2 54. b4 a4 55. Kd4 Re2 56. Ne4 Ra2 57. Nc5 Bc8 58. e6 Rxa3 59. e7+ Ke8 60. Kd5 Bd7 61. Ne4 Rf3 62. Kc5 a3 63. Kb6 a2 64. Kc7 Rf5 65. Nc5 Rxc5+ 66. bxc5 a1Q 67. c6 Qa7# 0-1